Science Quiz

Random Science Quiz

Platyhelminthes: Characteristics Quiz Stats

 Plays Quiz not verified by Sporcle

Support Sporcle.
Go Orange.
Score 0/9 Timer 10:00
0 Plays Today
% Correct
parasitic
44.4%
protonephridia
33.3%
eye spots
22.2%
bilateral symetry
11.1%
statocyst
11.1%
no complete digestive tract
11.1%
muscle contractions
11.1%
creation of a brain (ganglia)
0%
budding and use of copulatory organs
0%

You're not logged in!

Compare scores with friends on all Sporcle quizzes.
OR
Log In

From the Vault

Planes, Trains and Automobiles

by Hejman

It might be safer just to walk.
Remove Ads.
Support Sporcle.
Get the best of Sporcle when you Go Orange. This ad-free experience offers more features, more stats, and more fun while also helping to support Sporcle. Thank you for becoming a member.

Show Comments

Extras

Created Feb 9, 2011ReportNominate
Tags:Character

Top Quizzes Today


Score Distribution

Your Account Isn't Verified!

In order to create a playlist on Sporcle, you need to verify the email address you used during registration. Go to your Sporcle Settings to finish the process.

Report this User

Report this user for behavior that violates our Community Guidelines.

Details: